00421nam a2200145Ia 4500008004100000041000900041082001900050100002300069245001800092260003600110300000800146650000800154999001700162952009600179230718s9999 xx 000 0 und d aEng. a345.051bMAC-J aMachay hain, V. J. 0aJurisprudence aPakistanbMan2008 1awber c2005 a741 aLaw c29116d29116 00104070aSIRC-LbSIRC-Ld2023-07-18l0o345.051 MAC-Jp24067r2023-07-18w2023-07-18yBK